000 00580nam a2200181Ia 4500
005 20260429112237.0
008 260429s9999||||xx |||||||||||||| ||und||
020 _a9788119989846
041 _aHindi
082 _a782.421
_bGUL
100 _aगुलजार
245 0 _aगुनगुनाइए :
_b500 गीतों का संग्रह /
_cगुलजार
250 _a1st ed.
260 _aप्रयागराज :
_bराधाकृष्ण प्रकाशन,
_c2024.
300 _a659 p.; Hb
650 _aHindi film songs
942 _cTB
999 _c53085
_d53085